Top 10 Countries with the Most Trees - Statistics

General Stats
  • This quiz has been taken 324 times
  • The average score is 9 of 10
Answer Stats
Tree Area by Square Kilometers Answer % Correct
8,151,356 Russia
98%
3,087,200 United States of America
97%
4,984,580 Brazil
96%
3,473,020 Canada
96%
2,006,103 China
91%
697,900 India
87%
1,232,110 Australia
83%
1,541,350 Democratic Republic of the Congo
77%
944,320 Indonesia
77%
748,110 Peru
62%
No matching quizzes found
Score Distribution
Percent of People with Each Score
Percentile by Number Answered
Your Score History
You have not taken this quiz